Diversidad biológica: identificación y diagnóstico preliminar del ordenamiento jurídico aplicable a la protección de la diversidad biológica

Uloženo v:
Podrobná bibliografie
Korporace: Comisión Nacional del Medio Ambiente (Autor), CONAMA (Autor)
Médium: Kniha
Jazyk:španělština
Vydáno: Santiago CONAMA 1996
Edice:Estudios de Legislación Ambiental. Serie Jurídica, 16
Témata:
Tagy: Přidat tag
Žádné tagy, Buďte první, kdo vytvoří štítek k tomuto záznamu!

MARC

LEADER 00000nam a2200000 a 4500
001 UCR7254
003 CL-VaPUC
008 980514e19960000CL |||||||||||||||||spa|d
082 0 4 |a 344.046  |b COM  |2 21 
110 2 |a Comisión Nacional del Medio Ambiente  |e author  |9 408546 
710 2 |a CONAMA  |e author  |9 408547 
245 1 0 |a Diversidad biológica: identificación y diagnóstico preliminar del ordenamiento jurídico aplicable a la protección de la diversidad biológica 
300 |a 35 p 
942 |c BK 
945 |d 19980514 00:00:00  |a mvenant 
260 |a Santiago  |b CONAMA  |c 1996 
650 0 |a Medio ambiente  |9 257625 
650 0 |a Derecho y legislación   |9 255077 
650 0 |a Código civil  |9 256135 
650 7 |a RECURSOS RENOVABLES  |2 CL-VaPUC  |9 339698 
651 7 |a CHILE  |2 CL-VaPUC  |9 408548 
583 |a last modification  |c 19980514 00:00:00  |k Rodrigo Vera 
490 0 |a Estudios de Legislación Ambiental. Serie Jurídica, 16 
999 |c 268996  |d 268994 
952 |0 0  |1 0  |4 0  |6 344_046000000000000_COM_1996  |7 0  |8 P  |9 302580  |a BIBDER  |b BIBDER  |d 2019-11-20  |i 4121805  |o 344.046 COM 1996  |p 4121805  |r 2023-01-25  |w 2019-11-20  |y BK  |k DER